000 01207nam a2200229Ia 4500
003 Ost
005 20260507075528.0
008 260507s9999||||xx |||||||||||||| ||und||
020 _a9789931606932
040 _cfsecg
041 _aara
082 _a352.6
100 _aثابتي، الحبيب
_eمؤلف
245 0 _aالمناهج العلمية لتطوير الكفاءات المهنية /
_c الحبيب ثابتي
260 _aتلمسان:
_bالمكتب الجامعي الحديث,
_c2017
300 _a122 صفحة؛
_bإيضاحات ؛
_c24 سم
504 _aببليوغرافيا:ص.105
520 _a-منهجية تطوير الكفاءات على مستوى التنظيمي :الشروط المسبقة لتنفيذ منهجية تطوير الكفاءات -المحاور الكبرى لمنهجية تطوير الكفاءات التنظيمية -الادوات العلمية والتقنية لتسيير وتطوير الكفاءات -منهجية تطوير الكفاءات على المستوى الفردي :التكوين في الوسط المهني -من
653 _aإدارة الأفراد
653 _aالكفائة الادارية
942 _cكتاب
999 _c44807
_d44807